Name fairy tail by their magic Quiz Stats

 Plays Quiz not verified by Sporcle

Score 0/19 Timer 11:00
0 Plays Today
magic character % Correct
????
100%
????
99.7%
????
99.7%
????
99.2%
????
99%
????
94.4%
????
91.9%
????
91.6%
????
91.3%
????
89.5%
magic character % Correct
????
82.5%
????
82.4%
????
82.4%
????
82.4%
????
82.4%
????
82.4%
????
82.1%
????
81.3%
????
31.9%

You're not logged in!

Compare scores with friends on all Sporcle quizzes.
OR
Log In

Show Comments

Extras

Created Mar 11, 2014ReportNominate
Tags:Anime Quiz

Top Quizzes Today


Score Distribution

Your Account Isn't Verified!

In order to create a playlist on Sporcle, you need to verify the email address you used during registration. Go to your Sporcle Settings to finish the process.

Report this User

Report this user for behavior that violates our Community Guidelines.

Details: